000 00660nam a22002057a 4500
005 20241210143706.0
010 _aENG-142920
020 _a9788184841053
_c780.00
035 _aEN-126452
037 _bDBAD
037 _bDBAD
082 _a305.4
_21
100 _aSujatha, K R
_974896
245 _aFeminine Aesthetics of Indian Women Writers/
_cby S Gokilavani [and] K R Sujatha
260 _aNew Delhi
_bRegal Publications
_c2011
270 _aF-159, Rajouri Garden
_bNew Delhi
_e110027
_k45546396
_mregalbookspub@yahoo.com
300 _axv,199p.
_c22cm(hb)
700 _a Gokilavani, S
_eAuthor
_974897
942 _2ddc
_cEN
_mSUJ
_h305.4
999 _c207525
_d207525